Turkish literature : (Record no. 23786)
[ view plain ]
| 000 -LEADER | |
|---|---|
| fixed length control field | 00974cam a2200277 4500 |
| 001 - CONTROL NUMBER | |
| control field | 23786 |
| 003 - CONTROL NUMBER IDENTIFIER | |
| rucl marc code | BD-RjUL |
| 005 - DATE AND TIME OF LATEST TRANSACTION | |
| control field | 20211209000954.0 |
| 008 - FIXED-LENGTH DATA ELEMENTS--GENERAL INFORMATION | |
| fixed length control field | 140311s1970 nyu 000 0 eng |
| 020 ## - INTERNATIONAL STANDARD BOOK NUMBER | |
| International Standard Book Number | 083698210X |
| 035 ## - SYSTEM CONTROL NUMBER | |
| System control number | (BD-RjUL)23851 |
| 040 ## - CATALOGING SOURCE | |
| Original cataloging agency | DLC |
| Transcribing agency | BD-RjUL |
| Modifying agency | BD-RjUL |
| Language of cataloging | eng |
| 041 1# - LANGUAGE CODE | |
| Language code of text/sound track or separate title | engtur |
| 082 00 - DEWEY DECIMAL CLASSIFICATION NUMBER | |
| Classification number | 894.3508 |
| Author mark and year | TUR 1901 |
| 245 00 - TITLE STATEMENT | |
| Title | Turkish literature : |
| Remainder of title | comprising fables, belles-lettres, and sacred traditions / |
| Statement of responsibility, etc. | translated into English for the first time with a special introd. by Epiphanius Wilson. |
| 250 ## - EDITION STATEMENT | |
| Edition statement | Rev. ed. |
| 260 ## - PUBLICATION, DISTRIBUTION, ETC. (IMPRINT) | |
| Place of publication, distribution, etc. | Freeport, N.Y., |
| Name of publisher, distributor, etc. | Books for Libraries Press |
| Date of publication, distribution, etc. | 1901. |
| 300 ## - PHYSICAL DESCRIPTION | |
| Pagination | xv, 462 p. : |
| Illustrations | front. ; |
| Size | 23 cm. |
| 490 0# - SERIES STATEMENT | |
| Series statement | Play anthology reprint series |
| 650 #0 - SUBJECT ADDED ENTRY--TOPICAL TERM | |
| Topical term or geographic name as entry element | Turkish literature |
| General subdivision | Translations into English. |
| 9 (RLIN) | 73249 |
| 651 #0 - SUBJECT ADDED ENTRY--GEOGRAPHIC NAME | |
| Geographic name | Turkey |
| General subdivision | Literary collections. |
| 9 (RLIN) | 73250 |
| 700 1# - ADDED ENTRY--PERSONAL NAME | |
| Personal name | Wilson, Epiphanius, |
| Dates associated with a name | 1845-1916, |
| Relator term | tr. |
| 942 ## - ADDED ENTRY ELEMENTS (KOHA) | |
| Source of classification or shelving scheme | Dewey Decimal Classification |
| Koha item type | Books |
| Lost status | Source of classification or shelving scheme | Damaged status | Not for loan | Collection code | Permanent Location | Current Location | Shelving location | Date acquired | Source of acquisition | Cost, normal purchase price | Total Checkouts | Full call number | Date last seen | Copy number | Koha item type |
|---|---|---|---|---|---|---|---|---|---|---|---|---|---|---|---|
| Dewey Decimal Classification | Added to bundle | Non-fiction | Central Library, University of Rajshahi | Central Library, University of Rajshahi | Reading Room | 11/07/1966 | Q.I. Qurishe | 21.60 | 894.3508 TUR 1901 | 11/03/2014 | C-1 | Books |